00991nam a2200217 a 450000100060000000300090000600800410001502000150005604000280007108200180009910000460011724500820016326000230024530000100026850502230027865000550050165000350055694200120059199900170060395201530062022834CO-ViMGA141112s2004 ck r 000 u spa d a9586905659 aCO-ViMGAbspacCO-ViMGA04a364.258 D871d1 aDuràn Puentes, Juliàn Andrès93267910aEl delito polìtico : bDesnaturalizaciòn jurìdica y conflicto interno aColombia : bLeyer a162p. aPerspectivas genealogicas del delito politico en ralacion a su jsutificacion, desarrollo y contencion historica en el marco de las instituciones, La cuestion juridica, La discusion a la luz de la polìtica criminal14aDELITOS POLITICOS - LEGISLACION - COLOMBIA 93268014aPROCEDIMIENTO PENAL - COLOMBIA 2ddccBK c31130d31130 00102ddc40708002aMEVIECARbMEVIECARd2015-12-04hVolumen. 1 | 09/nov/2009l0o364.258 D871d p22834r2015-12-04 00:00:00tEj. 1w2015-12-04yBK